[Event "Paignton Premier 24th"]
[Site "Paignton"]
[Date "1974.09.06"]
[Round "6"]
[White "Gamble, Raymond J"]
[Black "Norman, Kenneth I"]
[Result "0-1"]
[WhiteElo "2163"]
[BlackElo "2140"]
[PlyCount "82"]
[EventDate "1974.09.01"]
[EventType "swiss"]
[EventRounds "7"]
[EventCountry "ENG"]
[SourceTitle "BritBase"]
[Source "John Saunders"]
[SourceDate "2023.12.02"]
[SourceVersion "1"]
[SourceVersionDate "2023.12.02"]
[SourceQuality "1"]

1. d4 Nf6 2. Nf3 d5 3. e3 e6 4. Nbd2 Be7 5. Bd3 Nbd7 6. O-O O-O 7. e4 dxe4 8.
Nxe4 Nxe4 9. Bxe4 Nf6 10. Bd3 b6 11. c3 Bb7 12. Re1 c5 13. dxc5 Bxc5 14. h3 h6
15. Qe2 Bd6 16. Nd4 Rc8 17. Ba6 Bxa6 18. Qxa6 Bb8 19. Qe2 Qc7 20. g3 Nd5 21.
Qg4 Kh8 22. Qh4 Qd8 23. Qg4 Qf6 24. Bd2 Rfd8 25. Re2 Be5 26. Nb3 b5 27. Rae1
Bb8 28. Nd4 a6 29. Qh5 Ba7 30. Nb3 Bb6 31. h4 Ne7 32. Bg5 Qf5 33. g4 Qf3 34.
Bxe7 Rc4 35. Bxd8 Rxg4+ 36. Qxg4 Qxg4+ 37. Kh2 Bxd8 38. Re4 Bc7+ 39. f4 Bxf4+
40. Kh1 Qh3+ 41. Kg1 Bh2+ {Source: Ken Norman, 2 December 2023} 0-1

[Event "Hastings New Year Special A 1974/75"]
[Site "Hastings"]
[Date "1975.01.??"]
[Round "5"]
[White "Gamble, Raymond J"]
[Black "Norman, Kenneth I"]
[Result "1-0"]
[WhiteElo "2163"]
[BlackElo "2140"]
[PlyCount "72"]
[EventDate "1974.12.??"]
[EventCountry "ENG"]
[SourceTitle "BritBase"]
[Source "John Saunders"]
[SourceDate "2023.12.02"]
[SourceVersion "1"]
[SourceVersionDate "2023.12.02"]
[SourceQuality "1"]

1. Nf3 Nf6 2. d4 d5 3. e3 Bf5 4. Bd3 Bxd3 5. Qxd3 Nbd7 6. b3 e6 7. Nbd2 Be7 8.
Bb2 O-O 9. Ng5 c5 10. f4 Rc8 11. e4 Nxe4 12. Ngxe4 dxe4 13. Nxe4 Nf6 14. O-O
Qd5 15. Rae1 c4 16. bxc4 Qxc4 17. Qxc4 Rxc4 18. c3 Nxe4 19. Rxe4 g6 20. g4 Ra4
21. a3 b5 22. Ra1 Bd6 23. Kg2 Rc8 24. h4 Rc6 25. Kf3 Be7 26. Re5 a6 27. f5 Bd6
28. Re2 gxf5 29. gxf5 exf5 30. Re8+ Kg7 31. Rg1+ Kf6 32. c4 bxc4 33. d5+ c3 34.
Bc1 f4 35. dxc6 c2 36. h5 Rc4 {Source: Ken Norman, 2 December 2023} 1-0

[Event "Hastings New Year Special A 1976/77"]
[Site "Hastings"]
[Date "1977.01.??"]
[Round "4"]
[White "Gamble, Raymond J"]
[Black "Thurlow, Kevin J"]
[Result "1-0"]
[WhiteElo "2105"]
[BlackElo "1985"]
[PlyCount "83"]
[EventDate "1976.12.??"]
[EventType "swiss"]
[EventCountry "ENG"]

1. Nf3 Nf6 2. d4 c5 3. e3 e6 4. Bd3 Nc6 5. c3 d5 6. Nbd2 Qc7 7. O-O Be7 8. dxc5
Bxc5 9. e4 Ne5 10. Nxe5 Qxe5 11. Bb5+ Bd7 12. Bxd7+ Nxd7 13. exd5 Qxd5 14. Nb3
Qxd1 15. Rxd1 Bb6 16. Nd4 a6 17. Be3 O-O-O 18. c4 e5 19. Nf5 Bxe3 20. fxe3 Kc7
21. Nxg7 Rhg8 22. Nf5 Rg5 23. Ne7 Nb6 24. Nd5+ Nxd5 25. cxd5 e4 26. Rac1+ Kd6
27. Rd4 Re8 28. Rf1 Re7 29. Rf6+ Ke5 30. Rh6 f5 31. d6 Rd7 32. Rxh7 Rxh7 33. d7
Rg8 34. d8=Q Rxd8 35. Rxd8 Rc7 36. Rd2 f4 37. Kf2 Rf7 38. exf4+ Rxf4+ 39. Ke3
Rg4 40. g3 b5 41. Rd8 Ke6 42. Ra8 {Source: Kevin Thurlow, 16 November 2023} 1-0

[Event "County m Minor Counties sf Bucks-Derbys"]
[Site "Daventry"]
[Date "1983.06.04"]
[Round "1.6"]
[White "Saunders, John C"]
[Black "Gamble, Raymond J"]
[Result "1-0"]
[WhiteElo "2144"]
[BlackElo "2008"]
[PlyCount "89"]
[EventDate "1983.06.04"]
[EventType "team-match"]
[EventRounds "1"]
[EventCountry "ENG"]
[SourceTitle "BritBase"]
[Source "John Saunders"]
[SourceDate "2023.11.11"]
[SourceVersion "1"]
[SourceVersionDate "2023.11.11"]
[SourceQuality "1"]
[WhiteTeam "Buckinghamshire"]
[BlackTeam "Derbyshire"]
[WhiteTeamCountry "ENG"]
[BlackTeamCountry "ENG"]

1. e4 e6 2. d4 d5 3. Nd2 dxe4 4. Nxe4 Be7 5. Nf3 Nf6 6. Nxf6+ Bxf6 7. Bd3 Nd7
8. O-O O-O 9. Re1 c5 10. c3 Qc7 11. Qe2 g6 12. Ne5 Nxe5 13. dxe5 Bg7 14. Bg5 b6
15. Be4 Rb8 16. Bf3 h6 17. Bh4 Bb7 18. Bxb7 Rxb7 19. Rad1 g5 20. Bg3 Rd8 21. f4
Rbb8 22. fxg5 hxg5 23. Qe3 Rxd1 24. Rxd1 Rd8 25. Rd6 Qe7 $2 26. Qd2 Rxd6 27.
exd6 Qd8 28. d7 Bf6 29. Qd6 Qa8 30. Qc7 Qd5 31. h3 e5 (31... Kg7 32. Bd6 $16 {
/+-}) 32. Bxe5 (32. Qxa7 Bd8 33. c4 $5 Qd4+ 34. Bf2 Qd1+ 35. Kh2 f5 36. b4 $5
$16) 32... Qd1+ $8 33. Kh2 Bxe5+ 34. Qxe5 Qxd7 35. Qxg5+ Kf8 36. Qf4 $16 b5 $2
37. Qb8+ Kg7 38. Qe5+ Kg6 39. Qxc5 f5 40. Qe5 a5 41. Qf4 Qd5 42. h4 Qxa2 43.
Qg5+ Kf7 44. Qxf5+ Kg7 45. Qxb5 {Source: John Saunders. Match results: Bucks
15-5 Derbyshire} 1-0

[Event "Midland Ch Forrest Cup"]
[Site "Derby"]
[Date "1985.02.15"]
[Round "1"]
[White "Baker, Chris W"]
[Black "Gamble, Raymond J"]
[Result "1-0"]
[WhiteElo "2342"]
[BlackElo "2058"]
[PlyCount "75"]
[EventDate "1985.02.15"]
[EventType "swiss"]
[EventRounds "6"]
[EventCountry "ENG"]
[SourceTitle "BritBase"]
[Source "John Saunders"]
[SourceDate "2023.11.11"]
[SourceVersion "1"]
[SourceVersionDate "2023.11.11"]
[SourceQuality "1"]

1. d4 d5 2. c4 e6 3. Nc3 Nf6 4. Bg5 Nbd7 5. cxd5 exd5 6. e3 c6 7. Bd3 Be7 8.
Nf3 Ne4 9. Bxe7 Qxe7 10. Qc2 f5 11. O-O O-O 12. Rab1 Ndf6 13. Ne5 Be6 14. b4
Nxc3 15. Qxc3 Nd7 16. Nxd7 Qxd7 17. b5 f4 18. bxc6 bxc6 19. exf4 Rxf4 20. Ba6
Qd6 21. Rfe1 Raf8 22. Qg3 g6 23. h4 Qe7 24. Bc8 Re4 25. Rxe4 dxe4 26. Rb7 Qf6
27. Bxe6+ Qxe6 28. Rxa7 Rf7 29. Qb8+ Kg7 30. Rxf7+ Kxf7 31. a4 Qc4 32. Qc7+ Kf6
33. Qe5+ Kf7 34. a5 Qe2 35. Kh2 h6 36. Qc7+ Kg8 37. Qxc6 Qg4 38. Qf6 1-0

[Event "Midland Ch Forrest Cup"]
[Site "Derby"]
[Date "1985.02.16"]
[Round "3"]
[White "Blore, John D"]
[Black "Gamble, Raymond J"]
[Result "1-0"]
[WhiteElo "2035"]
[BlackElo "2058"]
[PlyCount "81"]
[EventDate "1985.02.15"]
[EventType "swiss"]
[EventRounds "6"]
[EventCountry "ENG"]
[SourceTitle "BritBase"]
[Source "John Saunders"]
[SourceDate "2023.11.11"]
[SourceVersion "1"]
[SourceVersionDate "2023.11.11"]
[SourceQuality "1"]

1. e4 e6 2. d4 d5 3. Nd2 dxe4 4. Nxe4 Be7 5. Nf3 Nf6 6. Bd3 Nbd7 7. Nxf6+ Bxf6
8. O-O O-O 9. Qe2 c5 10. Qe4 g6 11. Be3 Qc7 12. c3 Bg7 13. Qh4 b6 14. dxc5 bxc5
15. Ng5 Nf6 16. Qc4 Rd8 17. Rfd1 h6 18. Nf3 Bf8 19. Qh4 Nh5 20. Be2 Rxd1+ 21.
Rxd1 Rb8 22. Ne1 Be7 23. Qa4 Nf6 24. Nd3 Bd7 25. Qh4 Nd5 26. Qxh6 Nxe3 27. Qxe3
Bb5 28. Ne5 Bd6 29. Nxg6 Bxe2 30. Qxe2 Bxh2+ 31. Kh1 Kg7 $2 (31... fxg6 32.
Qxe6+ Qf7 33. Qxf7+ Kxf7 $11) 32. Nh4 Rh8 33. Qg4+ Kf8 34. g3 Rg8 35. Qf3 Bxg3
36. Qa8+ Kg7 37. Qg2 Kf8 38. Qa8+ Kg7 39. Qg2 Kf8 40. Rg1 Qa5 41. Qa8+ 1-0

[Event "Midland Ch Forrest Cup"]
[Site "Derby"]
[Date "1989.03.10"]
[Round "1"]
[White "Gamble, Raymond J"]
[Black "Benyon, C C V."]
[Result "1/2-1/2"]
[WhiteElo "2048"]
[BlackElo "1848"]
[PlyCount "99"]
[EventDate "1989.03.10"]
[EventType "swiss"]
[EventRounds "6"]
[EventCountry "ENG"]
[SourceTitle "BritBase"]
[Source "John Saunders"]
[SourceDate "2023.11.11"]
[SourceVersion "1"]
[SourceVersionDate "2023.11.11"]
[SourceQuality "1"]

1. d4 Nf6 2. Nf3 c5 3. e3 g6 4. Bd3 Bg7 5. Nbd2 d6 6. O-O O-O 7. Re1 Nc6 8. a3
cxd4 9. exd4 Re8 10. Ne4 Nxe4 11. Rxe4 Bf5 12. Re2 Bg4 13. c3 Bxf3 14. gxf3 Qd7
15. Bb5 d5 16. Kg2 Qf5 17. Qd3 Qxd3 18. Bxd3 e5 19. dxe5 Rxe5 20. Be3 Rae8 21.
Rd2 Rh5 22. f4 d4 23. cxd4 Bxd4 24. Bxd4 Nxd4 25. Bxg6 hxg6 26. Rxd4 Re2 27. b4
Re7 28. Rad1 Kg7 29. a4 Rh8 30. Rd7 Rhe8 31. Kg3 f5 32. b5 b6 33. R1d6 Kf7 34.
Rxe7+ Rxe7 35. Kh4 Re4 36. Rd7+ Kf6 37. Rxa7 Rxf4+ 38. Kg3 Kg5 39. h3 Rc4 40.
Ra6 Rc3+ 41. Kg2 Ra3 42. Rxb6 Rxa4 43. Rc6 Rb4 44. b6 Rb3 45. Rd6 Kh5 46. h4
Kxh4 47. Rxg6 Kh5 48. Rc6 Kg4 49. Rd6 Rb2 50. Rg6+ 1/2-1/2

[Event "Midland Ch Forrest Cup"]
[Site "Derby"]
[Date "1989.03.11"]
[Round "2"]
[White "Barton, R Alan"]
[Black "Gamble, Raymond J"]
[Result "1-0"]
[WhiteElo "2080"]
[BlackElo "2048"]
[PlyCount "113"]
[EventDate "1989.03.10"]
[EventType "swiss"]
[EventRounds "6"]
[EventCountry "ENG"]
[SourceTitle "BritBase"]
[Source "John Saunders"]
[SourceDate "2023.11.11"]
[SourceVersion "1"]
[SourceVersionDate "2023.11.11"]
[SourceQuality "1"]

1. Nf3 d5 2. d4 e6 3. c3 c5 4. Bf4 Nc6 5. e3 Nf6 6. Nbd2 Be7 7. Bd3 Nh5 8. Bg3
Nxg3 9. hxg3 h6 10. Ne5 Nxe5 11. dxe5 Bd7 12. Qg4 Bf8 13. Qf4 Qa5 14. g4 Qa4
15. Nf3 Be7 16. g5 Qxf4 17. exf4 O-O-O 18. gxh6 Rxh6 19. Rxh6 gxh6 20. O-O-O
Rg8 21. g3 a6 22. Be2 f5 23. exf6 Bxf6 24. Rh1 Bg7 25. Nh4 Kc7 26. Bh5 Kd6 27.
Nf3 Be8 28. Bxe8 Rxe8 29. Rh5 Rf8 30. Nh4 b5 31. Kc2 b4 32. f5 bxc3 33. bxc3 e5
34. f3 Rf6 35. g4 c4 36. Ng6 d4 37. Rh1 d3+ 38. Kd2 Rf7 39. Rb1 Kc5 40. Rb8 h5
41. Rc8+ Kd5 42. g5 Kd6 43. Nh4 Kd5 44. Rd8+ Kc5 45. Ra8 Kb5 46. Re8 Kc6 47.
Re6+ Kd5 48. Rxa6 Rb7 49. Ra5+ Kd6 50. f6 Rb2+ 51. Kc1 Rc2+ 52. Kd1 Bxf6 53.
gxf6 Ke6 54. Ra6+ Kf7 55. Nf5 Rb2 56. Nd6+ Kg6 57. Nxc4 1-0

[Event "Midland Ch Forrest Cup"]
[Site "Derby"]
[Date "1989.03.11"]
[Round "4"]
[White "Markham, Philip"]
[Black "Gamble, Raymond J"]
[Result "0-1"]
[WhiteElo "1876"]
[BlackElo "2048"]
[PlyCount "58"]
[EventDate "1989.03.10"]
[EventType "swiss"]
[EventRounds "6"]
[EventCountry "ENG"]
[SourceTitle "BritBase"]
[Source "John Saunders"]
[SourceDate "2023.11.11"]
[SourceVersion "1"]
[SourceVersionDate "2023.11.11"]
[SourceQuality "1"]

1. e4 e6 2. d4 d5 3. Nc3 dxe4 4. f3 exf3 5. Nxf3 Nf6 6. Bd3 c5 7. Bg5 cxd4 8.
Bxf6 Qxf6 9. Ne4 Qd8 10. O-O Be7 11. Ne5 Bf6 12. Qh5 Rf8 13. Bb5+ Ke7 14. Ng6+
fxg6 15. Qxh7 Rh8 16. Qxg6 Qf8 17. Qg3 e5 18. Bc4 Nc6 19. Rae1 Bd7 20. Qa3+ Kd8
21. Nd6 Kc7 22. Nb5+ Kb8 23. Qg3 a6 24. Nxd4 Qc5 25. c3 Nxd4 26. cxd4 Qxd4+ 27.
Kh1 Qxc4 28. Rxf6 gxf6 29. Qg7 Qh4 0-1

[Event "Midland Ch Forrest Cup"]
[Site "Derby"]
[Date "1989.03.12"]
[Round "5"]
[White "Gamble, Raymond J"]
[Black "Southall, Andrew C"]
[Result "1-0"]
[WhiteElo "2048"]
[BlackElo "1912"]
[PlyCount "77"]
[EventDate "1989.03.10"]
[EventType "swiss"]
[EventRounds "6"]
[EventCountry "ENG"]
[SourceTitle "BritBase"]
[Source "John Saunders"]
[SourceDate "2023.11.11"]
[SourceVersion "1"]
[SourceVersionDate "2023.11.11"]
[SourceQuality "1"]

1. d4 Nf6 2. Nf3 c5 3. e3 cxd4 4. exd4 g6 5. Bd3 Bg7 6. O-O O-O 7. c4 b6 8. Nc3
Bb7 9. Re1 d6 10. Qe2 Re8 11. Bg5 Nbd7 12. Rad1 Rc8 13. h3 Qc7 14. Bf4 Nh5 15.
Bh2 e5 16. dxe5 Nxe5 17. Nxe5 Bxe5 18. Bxe5 dxe5 19. Nd5 Qc6 20. Qf3 f5 21.
Bxf5 gxf5 22. Qxh5 Qe6 23. b3 Kh8 24. Qh4 Rg8 25. g3 Rcf8 26. Qd4 Re8 27. Qc3
Rg7 28. Kh2 h5 29. Rd2 h4 30. Rde2 Reg8 31. Rxe5 Qh6 32. Re7 hxg3+ 33. fxg3
Bxd5 34. cxd5 Kh7 35. Qe3 Qh5 36. d6 Qg6 37. Qf4 Rd8 38. Qh4+ Qh6 39. Rxg7+ 1-0

[Event "Midland Ch Forrest Cup"]
[Site "Derby"]
[Date "1990.03.23"]
[Round "1"]
[White "Gamble, Raymond J"]
[Black "Edwards, Louis Alan"]
[Result "0-1"]
[WhiteElo "2000"]
[BlackElo "2184"]
[PlyCount "116"]
[EventDate "1990.03.23"]
[EventType "swiss"]
[EventRounds "6"]
[EventCountry "ENG"]
[SourceTitle "BritBase"]
[Source "John Saunders"]
[SourceDate "2023.11.11"]
[SourceVersion "1"]
[SourceVersionDate "2023.11.11"]
[SourceQuality "1"]

1. d4 Nf6 2. Nf3 e6 3. e3 c5 4. c3 b6 5. Bd3 Bb7 6. Nbd2 cxd4 7. exd4 Be7 8.
O-O O-O 9. Re1 d6 10. Qe2 Nbd7 11. Ne4 Bxe4 12. Bxe4 Nxe4 13. Qxe4 d5 14. Qe2
Qc7 15. Ne5 Nxe5 16. dxe5 Rfc8 17. Qh5 Qd8 18. Be3 Rc4 19. Bd4 Bc5 20. Bxc5
Rxc5 21. Re3 g6 22. Qh6 Qf8 23. Qxf8+ Kxf8 24. Rd1 Rac8 25. Rd4 Rc4 26. Rxc4
Rxc4 27. Kf1 Ra4 28. a3 b5 29. Ke2 Ke7 30. Kd3 Rh4 31. h3 a5 32. g4 h5 33. gxh5
gxh5 34. Rg3 Rf4 35. Re3 a4 36. Ke2 Rf5 37. Kf1 h4 38. Kg2 f6 39. exf6+ Kxf6
40. Re2 Rf4 41. b3 e5 42. Rb2 Ke6 43. bxa4 Rxa4 44. Rxb5 Rxa3 45. Rb6+ Kf5 46.
Rh6 Rxc3 47. Rxh4 d4 48. f3 Rc2+ 49. Kg3 Ke6 50. Re4 Kd5 51. Re1 d3 52. Kg4 Re2
53. Rd1 Kd4 54. f4 e4 55. f5 Ke5 56. f6 Kxf6 57. Kf4 d2 58. h4 e3 0-1

[Event "Midland Ch Forrest Cup"]
[Site "Derby"]
[Date "1990.03.24"]
[Round "3"]
[White "Gamble, Raymond J"]
[Black "Cristinacce, David"]
[Result "1/2-1/2"]
[WhiteElo "2000"]
[BlackElo "1808"]
[PlyCount "63"]
[EventDate "1990.03.23"]
[EventType "swiss"]
[EventRounds "6"]
[EventCountry "ENG"]
[SourceTitle "BritBase"]
[Source "John Saunders"]
[SourceDate "2023.11.11"]
[SourceVersion "1"]
[SourceVersionDate "2023.11.11"]
[SourceQuality "1"]

1. d4 Nf6 2. Nf3 e6 3. e3 d5 4. Bd3 c5 5. c3 Nc6 6. Nbd2 Be7 7. O-O O-O 8. dxc5
Bxc5 9. e4 dxe4 10. Nxe4 Nxe4 11. Bxe4 Be7 12. Qe2 Bf6 13. Be3 Qc7 14. Rfd1 b6
15. Qd3 Rd8 16. Bxh7+ Kh8 17. Qc2 g6 18. Bxg6 fxg6 19. Qxg6 Qg7 20. Rxd8+ Nxd8
21. Qh5+ Kg8 22. Bh6 Qf7 23. Qg4+ Kh8 24. Bg5 Qg6 25. Bxf6+ Qxf6 26. Qh5+ Kg7
27. Rd1 Nf7 28. Rd4 e5 29. Rd1 Bf5 30. Nh4 Bg6 31. Nxg6 Qxg6 32. Qf3 1/2-1/2

[Event "Midland Ch Forrest Cup"]
[Site "Derby"]
[Date "1990.03.24"]
[Round "4"]
[White "Robinson, John K"]
[Black "Gamble, Raymond J"]
[Result "1/2-1/2"]
[WhiteElo "1928"]
[BlackElo "2000"]
[PlyCount "52"]
[EventDate "1990.03.23"]
[EventType "swiss"]
[EventRounds "6"]
[EventCountry "ENG"]
[SourceTitle "BritBase"]
[Source "John Saunders"]
[SourceDate "2023.11.11"]
[SourceVersion "1"]
[SourceVersionDate "2023.11.11"]
[SourceQuality "1"]

1. d4 d5 2. Nf3 e6 3. c4 c6 4. Nc3 Nf6 5. Bg5 Nbd7 6. e3 Qa5 7. Bxf6 Nxf6 8.
Qb3 Bb4 9. Rc1 O-O 10. a3 Bxc3+ 11. Qxc3 Qxc3+ 12. Rxc3 Bd7 13. Bd3 Rfc8 14.
Ke2 Be8 15. Rhc1 Kf8 16. Ne5 Ke7 17. f4 g6 18. g4 Nd7 19. Nf3 f6 20. Kf2 Rd8
21. h4 dxc4 22. Rxc4 Bf7 23. R4c3 h5 24. g5 f5 25. b4 a6 26. Nd2 Nb6 1/2-1/2

[Event "Midland Ch Forrest Cup"]
[Site "Derby"]
[Date "1990.03.25"]
[Round "6"]
[White "Cooper, David M"]
[Black "Gamble, Raymond J"]
[Result "1/2-1/2"]
[WhiteElo "1976"]
[BlackElo "2000"]
[PlyCount "29"]
[EventDate "1990.03.23"]
[EventType "swiss"]
[EventRounds "6"]
[EventCountry "ENG"]
[SourceTitle "BritBase"]
[Source "John Saunders"]
[SourceDate "2023.11.11"]
[SourceVersion "1"]
[SourceVersionDate "2023.11.11"]
[SourceQuality "1"]

1. e4 e6 2. d4 d5 3. Nc3 dxe4 4. Nxe4 Be7 5. Nf3 Nf6 6. Nxf6+ Bxf6 7. Bd3 Nd7
8. O-O c5 9. dxc5 Nxc5 10. Bb5+ Bd7 11. Qe2 O-O 12. Bxd7 Qxd7 13. Rd1 Qc7 14.
c3 Rad8 15. Bg5 1/2-1/2

[Event "Midland Ch Forrest Cup"]
[Site "Derby"]
[Date "1991.03.22"]
[Round "1"]
[White "Gamble, Raymond J"]
[Black "Edwards, Louis Alan"]
[Result "1-0"]
[WhiteElo "1976"]
[BlackElo "2216"]
[PlyCount "121"]
[EventDate "1991.03.22"]
[EventType "swiss"]
[EventRounds "6"]
[EventCountry "ENG"]
[SourceTitle "BritBase"]
[Source "John Saunders"]
[SourceDate "2023.11.11"]
[SourceVersion "1"]
[SourceVersionDate "2023.11.11"]
[SourceQuality "1"]

1. d4 Nf6 2. Nf3 g6 3. Nbd2 d5 4. e3 Bg7 5. Bd3 Nbd7 6. O-O O-O 7. e4 dxe4 8.
Nxe4 Nxe4 9. Bxe4 c5 10. c3 Qc7 11. Qe2 Nf6 12. Bc2 cxd4 13. Nxd4 Ng4 14. Nf3
Be6 15. Bb3 Bf5 16. h3 Nf6 17. Re1 Rae8 18. Ne5 Bc8 19. Bf4 Qc5 20. Rad1 b5 21.
Qe3 Qxe3 22. Bxe3 a5 23. a4 Ne4 24. Nc6 bxa4 25. Bxa4 f5 26. f3 Nd6 27. Nxa5
Rd8 28. Bb6 Bd7 29. Bb3+ Kh8 30. Bxd8 Rxd8 31. Rxe7 Bf8 32. Re2 Rb8 33. Red2
Rb6 34. Nc4 Nxc4 35. Bxc4 Bc5+ 36. Kh2 Bc6 37. b4 Be3 38. Rd8+ Kg7 39. b5 Bxb5
40. Bxb5 Rxb5 41. h4 Bf4+ 42. g3 Rb2+ 43. Kh3 Be5 44. Rc1 h6 45. f4 Bf6 46.
Rd7+ Kf8 47. Ra1 Rb8 48. Rc1 h5 49. c4 Rc8 50. Rd6 Kf7 51. c5 Be7 52. Rd7 Ke6
53. c6 Bb4 54. Rc2 Ba3 55. Re2+ Kf6 56. c7 Bb4 57. Rc2 Be7 58. Re2 Bb4 59. Rb2
Ba5 60. Ra2 Bb4 61. Ra6+ 1-0

[Event "Midland Ch Forrest Cup"]
[Site "Derby"]
[Date "1991.03.23"]
[Round "2"]
[White "Raynes, Paul C"]
[Black "Gamble, Raymond J"]
[Result "1/2-1/2"]
[WhiteElo "2184"]
[BlackElo "1976"]
[PlyCount "48"]
[EventDate "1991.03.22"]
[EventType "swiss"]
[EventRounds "6"]
[EventCountry "ENG"]
[SourceTitle "BritBase"]
[Source "John Saunders"]
[SourceDate "2023.11.11"]
[SourceVersion "1"]
[SourceVersionDate "2023.11.11"]
[SourceQuality "1"]

1. e4 e6 2. d4 d5 3. Nc3 dxe4 4. Nxe4 Be7 5. Nf3 Nf6 6. Nxf6+ Bxf6 7. c3 Nd7 8.
Be3 O-O 9. Bd3 b6 10. Qc2 g6 11. O-O-O Bb7 12. h4 Qe7 13. h5 c5 14. hxg6 fxg6
15. Be4 Bxe4 16. Qxe4 cxd4 17. Bxd4 Nc5 18. Bxf6 Qxf6 19. Qh4 Qf4+ 20. Kb1 Qxh4
21. Rxh4 Rad8 22. Rxd8 Rxd8 23. Kc2 Nd3 24. Re4 Rd6 1/2-1/2

[Event "Midland Ch Forrest Cup"]
[Site "Derby"]
[Date "1991.03.23"]
[Round "3"]
[White "Gamble, Raymond J"]
[Black "Barnes, Michael H"]
[Result "1/2-1/2"]
[WhiteElo "1976"]
[BlackElo "2144"]
[PlyCount "108"]
[EventDate "1991.03.22"]
[EventType "swiss"]
[EventRounds "6"]
[EventCountry "ENG"]
[SourceTitle "BritBase"]
[Source "John Saunders"]
[SourceDate "2023.11.11"]
[SourceVersion "1"]
[SourceVersionDate "2023.11.11"]
[SourceQuality "1"]

1. d4 Nf6 2. Nf3 g6 3. Nbd2 Bg7 4. e4 O-O 5. c3 d6 6. Bc4 c6 7. Bb3 a5 8. O-O
Qc7 9. Re1 Na6 10. Nf1 e5 11. dxe5 dxe5 12. Bg5 Nc5 13. Bc2 Bg4 14. h3 Rad8 15.
Qe2 Bd7 16. Qe3 Ne6 17. Bh6 Nf4 18. Bxg7 Kxg7 19. Ng3 Be6 20. Red1 Rxd1+ 21.
Rxd1 h6 22. b3 Ra8 23. Qc5 Nd7 24. Qe7 a4 25. bxa4 Rc8 26. Bb3 Nf6 27. Qxc7
Rxc7 28. Nxe5 Re7 29. Nd3 Nxd3 30. Rxd3 Nxe4 31. Nxe4 Bxb3 32. axb3 Rxe4 33.
Rd7 b5 34. axb5 Re1+ 35. Kh2 cxb5 36. Kg3 Rc1 37. Rd3 Kf6 38. Kf3 Rc2 39. g3
Ke6 40. Ke3 f5 41. h4 Rb2 42. b4 Ra2 43. Rd8 Rc2 44. Rc8 g5 45. hxg5 hxg5 46.
Rc6+ Kd5 47. Rc5+ Ke6 48. f3 Rg2 49. Rxb5 Rxg3 50. Kf2 Rh3 51. Rc5 Rh2+ 52. Kg3
Rh8 53. b5 Rg8 54. c4 g4 1/2-1/2

[Event "Midland Ch Forrest Cup"]
[Site "Derby"]
[Date "1991.03.23"]
[Round "4"]
[White "Nelson, Jonathan P"]
[Black "Gamble, Raymond J"]
[Result "1-0"]
[WhiteElo "2160"]
[BlackElo "1976"]
[PlyCount "101"]
[EventDate "1991.03.22"]
[EventType "swiss"]
[EventRounds "6"]
[EventCountry "ENG"]
[SourceTitle "BritBase"]
[Source "John Saunders"]
[SourceDate "2023.11.11"]
[SourceVersion "1"]
[SourceVersionDate "2023.11.11"]
[SourceQuality "1"]

1. e4 e6 2. d4 d5 3. Nc3 dxe4 4. Nxe4 Be7 5. Nf3 Nf6 6. Nxf6+ Bxf6 7. Bf4 c5 8.
Qd2 Nc6 9. Bb5 O-O 10. Bxc6 bxc6 11. Be3 cxd4 12. Bxd4 Bxd4 13. Qxd4 Qa5+ 14.
Qd2 Qb6 15. O-O-O Rb8 16. Qc3 Ba6 17. Ne5 Bc8 18. Rd2 c5 19. Rhd1 Qc7 20. g3
Re8 21. f4 Rb6 22. h4 Ra6 23. a3 f6 24. Nc4 Rf8 25. Qe3 Rc6 26. Nd6 Qe7 27.
Nxc8 Rfxc8 28. Rd7 Qe8 29. Rxa7 R8c7 30. Rxc7 Rxc7 31. Qd3 h6 32. Qd8 Qxd8 33.
Rxd8+ Kf7 34. Kd2 Kg6 35. b4 cxb4 36. axb4 Kf5 37. Rd3 e5 38. fxe5 fxe5 39. Rb3
Rd7+ 40. Ke2 Ke4 41. b5 Rb7 42. b6 Kd4 43. Kd2 g5 44. h5 Ke4 45. Kc3 Ke3 46.
Kc4+ Kd2 47. Kd5 Kxc2 48. Rb5 Kd3 49. Kxe5 Ke3 50. Rb3+ Kf2 51. Kf6 1-0

[Event "Midland Ch Forrest Cup"]
[Site "Derby"]
[Date "1991.03.24"]
[Round "5"]
[White "Gamble, Raymond J"]
[Black "Richmond Garwell, Jane"]
[Result "1/2-1/2"]
[WhiteElo "1976"]
[BlackElo "2104"]
[PlyCount "58"]
[EventDate "1991.03.22"]
[EventType "swiss"]
[EventRounds "6"]
[EventCountry "ENG"]
[SourceTitle "BritBase"]
[Source "John Saunders"]
[SourceDate "2023.11.11"]
[SourceVersion "1"]
[SourceVersionDate "2023.11.11"]
[SourceQuality "1"]

1. d4 Nf6 2. Nf3 e6 3. e3 c5 4. Bd3 Be7 5. Nbd2 b6 6. Qe2 Bb7 7. O-O O-O 8. c3
Nc6 9. e4 cxd4 10. Nxd4 Qc7 11. Kh1 Rac8 12. Nxc6 Qxc6 13. f3 d6 14. Nb3 Rfd8
15. Bg5 Qc7 16. Rad1 e5 17. Ba6 Nh5 18. Bxb7 Qxb7 19. Be3 Bh4 20. Qd2 Qe7 21.
Bf2 Bxf2 22. Qxf2 Nf6 23. Rfe1 Qe6 24. Qe2 Nh5 25. Rd2 Nf4 26. Qe3 f6 27. Red1
Kf7 28. Nc1 Ke7 29. a3 Qc4 1/2-1/2

[Event "Midland Ch Forrest Cup"]
[Site "Derby"]
[Date "1991.03.24"]
[Round "6"]
[White "House, Glenn L"]
[Black "Gamble, Raymond J"]
[Result "1-0"]
[WhiteElo "2232"]
[BlackElo "1976"]
[PlyCount "113"]
[EventDate "1991.03.22"]
[EventType "swiss"]
[EventRounds "6"]
[EventCountry "ENG"]
[SourceTitle "BritBase"]
[Source "John Saunders"]
[SourceDate "2023.11.11"]
[SourceVersion "1"]
[SourceVersionDate "2023.11.11"]
[SourceQuality "1"]

1. e4 e6 2. d4 d5 3. Nd2 dxe4 4. Nxe4 Be7 5. Nf3 Nf6 6. Bd3 Nbd7 7. O-O Nxe4 8.
Bxe4 Nf6 9. Bd3 O-O 10. Qe2 b6 11. Rd1 Bb7 12. c4 Qd6 13. b3 Rfe8 14. h3 c5 15.
Ba3 Qc6 16. Bb2 cxd4 17. Bxd4 Red8 18. Bb2 Rac8 19. Rac1 h6 20. Bb1 Kf8 21. Qf1
Rxd1 22. Rxd1 Rd8 23. Rxd8+ Bxd8 24. Nd4 Qd7 25. Qe2 Kg8 26. Bc2 Qd6 27. Qe3
Bc7 28. Nf3 Qf4 29. Qxf4 Bxf4 30. Ne5 Ne8 31. g3 Bg5 32. Nd7 Be7 33. a4 Bb4 34.
Bd4 f6 35. c5 bxc5 36. Nxc5 e5 37. Be3 Bxc5 38. Bxc5 a6 39. Bg6 Nc7 40. Kf1 Bd5
41. Bd6 Ne6 42. b4 Bc4+ 43. Ke1 Nd4 44. Be8 g5 45. Kd2 Bf1 46. Bd7 f5 47. h4
gxh4 48. gxh4 Nf3+ 49. Ke3 Nxh4 50. Bxe5 Kf7 51. b5 axb5 52. axb5 Bg2 53. Bc8
Ng6 54. Bd6 Ne7 55. Bxe7 Kxe7 56. Bxf5 Kd6 57. f4 1-0